Anteproyecto radial Moravia-Coronado
Uloženo v:
| Hlavní autor: | |
|---|---|
| Médium: | Neznámo |
| Jazyk: | Spanish |
| Vydáno: |
[San José, Costa Rica]
1970
|
| Témata: | |
| Tagy: |
Přidat tag
Žádné tagy, Buďte první, kdo vytvoří štítek k tomuto záznamu!
|
MARC
| LEADER | 00000 a2200000 4500 | ||
|---|---|---|---|
| 003 | 011341 | ||
| 005 | 20221231143816.0 | ||
| 008 | 140114s1970 c a m 000 ||spa d | ||
| 040 | |c cru CEDI | ||
| 090 | |a TFG 411 | ||
| 100 | |a Martínez Vega, Enrique |9 17898 | ||
| 245 | |a Anteproyecto radial Moravia-Coronado | ||
| 260 | |c 1970 |a [San José, Costa Rica] | ||
| 300 | |a 44 hojas, gráficos (plegables), planos (plegables) ; 28 cm | ||
| 500 | |a Tesis (Ingeniero Civil) Universidad de Costa Rica | ||
| 501 | |a Ed. mimeografiada. | ||
| 650 | |x CONSTRUCCION DE CARRETERAS |x CARRETERAS - MORAVIA-CORONADO |9 17899 | ||
| 942 | |c TFG | ||
| 999 | |c 12296 |d 12296 | ||
